Értékrend a mai iskolában
Elmentve itt :
| Szerző: | |
|---|---|
| Testületi szerző: | |
| Dokumentumtípus: | Könyv része |
| Megjelent: |
1980
|
| Sorozat: | Szegedi Nyári Egyetem : művelődéselmélet
9 Érték és kultúra : összeállítás a TIT Szegedi IX. Művelődéselméleti Nyári Egyetemén elhangzott előadásokból 9 |
| Kulcsszavak: | Értékrendszer - iskolai - Magyarország - 1970-es évek, Társadalomlélektan - iskolai - Magyarország - 1970-es évek, Nevelésszociológia |
| Tárgyszavak: | |
| Online Access: | http://acta.bibl.u-szeged.hu/44917 |
| LEADER | 01069naa a2200241 i 4500 | ||
|---|---|---|---|
| 001 | acta44917 | ||
| 005 | 20220127144239.0 | ||
| 008 | 170704s1980 hu o 0|| hun d | ||
| 020 | |a 963 411 764 3 | ||
| 022 | |a 0139-4118 | ||
| 040 | |a SZTE Egyetemi Kiadványok Repozitórium |b hun | ||
| 041 | |a hun | ||
| 100 | 1 | |a Mihály Ottó | |
| 245 | 1 | 0 | |a Értékrend a mai iskolában |h [elektronikus dokumentum] / |c Mihály Ottó |
| 260 | |c 1980 | ||
| 300 | |a 121-139 | ||
| 490 | 0 | |a Szegedi Nyári Egyetem : művelődéselmélet |v 9 | |
| 490 | 0 | |a Érték és kultúra : összeállítás a TIT Szegedi IX. Művelődéselméleti Nyári Egyetemén elhangzott előadásokból |v 9 | |
| 650 | 4 | |a Társadalomtudományok | |
| 650 | 4 | |a Szociológia | |
| 695 | |a Értékrendszer - iskolai - Magyarország - 1970-es évek, Társadalomlélektan - iskolai - Magyarország - 1970-es évek, Nevelésszociológia | ||
| 710 | |a TIT Szegedi Művelődéselméleti Nyári Egyetem (9.) (1980) (Szeged) | ||
| 856 | 4 | 0 | |u http://acta.bibl.u-szeged.hu/44917/1/sznye_muveledoselmelet_009_121-139.pdf |z Dokumentum-elérés |